000 00612nam a2200193 i 4500
001 59593
003 ES-MaACL
005 20250910203414.0
007 t|
008 031029s1963 sp ||||1| spa d
100 1 _aElsschot, Willem.
_947104
245 1 0 _aSu obra poética /
_cWillem Elsschot ; introducción y versión por Francisco Carrasquer.
260 _aSantander :
_b[s.n.,
_c1963] (
_fGráf. Hermanos Bedia)
300 _a80 p. ;
_c16 cm.
700 1 _aCarrasquer Launed, Francisco,
_d1915-2012
_9242242
852 _aES-MaACL
_jC-24699
_bR.51981
942 _2udc
999 _c59593
_d59593